CENTRUM DOKUMENTÁRNÍHO FILMU KNIHOVNA

logo MFDF Ji.hlavalogo DOK.REVUElogo Inspirační fórum

Léčení = (Záznam č. 1868)

Podrobnosti MARC
000 -LEADER
kontrolní pole pevné délky 02545nam a2200733 i 4500
001 - ŘÍDÍCÍ ČÍSLO
kontrolní pole nkc20253673629
003 - CONTROL NUMBER IDENTIFIER
kontrolní pole CZ PrSKC
005 - DATUM A ČAS POSLEDNÍHO ZPRACOVÁNÍ
kontrolní pole 20260415124033.0
007 - FYZICKÝ POPIS - SPECIFIKACE PRO TIŠTĚNÝ ČI RUKOPISNÝ (OKEM ČITELNÝ) TEXT
kontrolní pole pevné délky ta
008 - SPECIFIKACE PRO KNIHY A POKRAČUJÍCÍ ZDROJE
kontrolní pole pevné délky 250220s2024 xr a e 000 0 cze
015 ## - ČÍSLO NÁRODNÍ BIBLIOGRAFIE
Číslo národní bibliografie cnb003673629
020 ## - MEZINÁRODNÍ STANDARDNÍ ČÍSLO KNIHY (ISBN)
ISBN 9788088366522
Kvalifikátor (brožováno)
035 ## - SYSTEM CONTROL NUMBER
System control number (OCoLC)1514347430
040 ## - CATALOGING SOURCE (Původ katalogizace)
Agentura zajišťující původní katalogizaci OLA001
Jazyk katalogizace cze
Agentura, která záznam modifikovala ABA001
Použitá pravidla popisu rda
041 1# - kód jazyka
Kód jazyka textu cze
-- eng
Kód jazyka originálu a/nebo předlohy pro překlad cze
043 ## - KÓD GEOGRAFICKÉ OBLASTI
Kód geografické oblasti e-xr---
045 ## - ČASOVÉ OBDOBÍ OBSAHU DOKUMENTU
Kód časového období y-y-
072 #7 - SKUPINA KONSPEKTU
Klasifikační znak skupiny Konspektu 72/76
Slovní vyjádření skupiny Konspektu Výtvarné umění
Zdroj Konspekt
080 ## - MEZINÁRODNÍ DESETINNÉ TŘÍDĚNÍ
Klasifikační znak MDT 72/76:159.931
Vydání MRF
080 ## - MEZINÁRODNÍ DESETINNÉ TŘÍDĚNÍ
Klasifikační znak MDT 7.036/.038
Vydání MRF
080 ## - MEZINÁRODNÍ DESETINNÉ TŘÍDĚNÍ
Klasifikační znak MDT 615.214
Vydání MRF
080 ## - MEZINÁRODNÍ DESETINNÉ TŘÍDĚNÍ
Klasifikační znak MDT 616-08
Vydání MRF
080 ## - MEZINÁRODNÍ DESETINNÉ TŘÍDĚNÍ
Klasifikační znak MDT 7.04
Vydání MRF
080 ## - MEZINÁRODNÍ DESETINNÉ TŘÍDĚNÍ
Klasifikační znak MDT (437.3)
Vydání MRF
080 ## - MEZINÁRODNÍ DESETINNÉ TŘÍDĚNÍ
Klasifikační znak MDT (084.11)
Vydání MRF
100 1# - HLAVNI ZÁHLAVÍ - OSOBNÍ JMÉNO
Osobní jméno Láníková, Kristina,
Data související se jménem 1988-
Relationship aut
245 10 - ÚDAJE O NÁZVU
Název Léčení =
Další údaje o názvu Treatment /
Údaje o odpovědnosti Kristina Láníková ; překlad do angličtiny Nathan Fields
246 31 - VARIANTNÍ NÁZEV
Hlavní název/zkrácený název Treatment
264 #1 - PRODUCTION, PUBLICATION, DISTRIBUTION, MANUFACTURE, AND COPYRIGHT NOTICE
Place of production, publication, distribution, manufacture [Praha] :
Name of producer, publisher, distributor, manufacturer Akademie výtvarných umění v Praze,
Date of production, publication, distribution, manufacture, or copyright notice 2024
300 ## - FYZICKÝ POPIS
Rozsah 167 stran :
Další fyzické údaje barevné ilustrace ;
Rozměry 24 cm +
Doprovodný materiál 1 list (30 x 21 cm složeno na 15 x 6 cm)
336 ## - CONTENT TYPE
Content type term text
Content type code txt
Zdroj rdacontent
336 ## - CONTENT TYPE
Content type term statický obraz
Content type code sti
Zdroj rdacontent
337 ## - MEDIA TYPE
Media type term bez média
Media type code n
Zdroj rdamedia
338 ## - CARRIER TYPE
Carrier type term svazek
Carrier type code nc
Zdroj rdacarrier
338 ## - CARRIER TYPE
Carrier type term list
Carrier type code nb
Zdroj rdacarrier
500 ## - VŠEOBECNÁ POZNÁMKA
General note Na obálce přilepen list z poznámkového bločku
520 2# - ABSTRAKT, ATD.
Text poznámky Obrazová publikace zpřístupňuje uměleckou dokumentaci, prostřednictvím které autorka zpracovává zkušenost s užíváním psychofarmak a překonáváním psychických obtíží. Obsahuje náčrty, fotografie, rukopisné vzkazy či asambláže.
546 ## - POZNÁMKA O JAZYKU
Language note Souběžný anglický text (v příloze)
600 17 - VEDLEJŠÍ VĚCNÉ ZÁHLAVÍ - OSOBNÍ JMÉNO
Osobní jméno Láníková, Kristina,
Data související se jménem 1988-
Zdroj záhlaví nebo termínu czenas
648 #7 - VEDLEJŠÍ VĚCNÉ ZÁHLAVÍ - CHRONOLOGICKÝ TERMÍN
Chronologický termín 21. století
Zdroj záhlaví nebo termínu czenas
650 07 - VEDLEJŠÍ VĚCNÉ ZÁHLAVÍ - VĚCNÉ TÉMA
Topical term or geographic name entry element vizuální umění
Geografické zpřesnění Česko
Chronologické zpřesnění 21. století
Zdroj záhlaví nebo termínu czenas
650 07 - VEDLEJŠÍ VĚCNÉ ZÁHLAVÍ - VĚCNÉ TÉMA
Topical term or geographic name entry element moderní umění
Geografické zpřesnění Česko
Zdroj záhlaví nebo termínu czenas
650 07 - VEDLEJŠÍ VĚCNÉ ZÁHLAVÍ - VĚCNÉ TÉMA
Topical term or geographic name entry element psychofarmaka
Zdroj záhlaví nebo termínu czenas
650 07 - VEDLEJŠÍ VĚCNÉ ZÁHLAVÍ - VĚCNÉ TÉMA
Topical term or geographic name entry element terapie
Zdroj záhlaví nebo termínu czenas
650 07 - VEDLEJŠÍ VĚCNÉ ZÁHLAVÍ - VĚCNÉ TÉMA
Topical term or geographic name entry element umělecké náměty
Zdroj záhlaví nebo termínu czenas
650 09 - VEDLEJŠÍ VĚCNÉ ZÁHLAVÍ - VĚCNÉ TÉMA
Topical term or geographic name entry element visual art
Geografické zpřesnění Czechia
Chronologické zpřesnění 21st century
Zdroj záhlaví nebo termínu eczenas
650 09 - VEDLEJŠÍ VĚCNÉ ZÁHLAVÍ - VĚCNÉ TÉMA
Topical term or geographic name entry element modern art
Geografické zpřesnění Czechia
Zdroj záhlaví nebo termínu eczenas
650 09 - VEDLEJŠÍ VĚCNÉ ZÁHLAVÍ - VĚCNÉ TÉMA
Topical term or geographic name entry element psychotropic drugs
Zdroj záhlaví nebo termínu eczenas
650 09 - VEDLEJŠÍ VĚCNÉ ZÁHLAVÍ - VĚCNÉ TÉMA
Topical term or geographic name entry element therapy
Zdroj záhlaví nebo termínu eczenas
650 09 - VEDLEJŠÍ VĚCNÉ ZÁHLAVÍ - VĚCNÉ TÉMA
Topical term or geographic name entry element artistic themes
Zdroj záhlaví nebo termínu eczenas
655 #7 - REJSTŘÍKOVÝ TERMÍN -- žánr/forma
Žánr/forma či základní termín obrazové publikace
Source of term czenas
655 #9 - REJSTŘÍKOVÝ TERMÍN -- žánr/forma
Žánr/forma či základní termín pictorial works
Source of term eczenas
700 1# - ADDED ENTRY--PERSONAL NAME
Osobní jméno Fields, Nathan,
Data související se jménem 1977-
Relationship trl
900 ## - EQUIVALENCE OR CROSS-REFERENCE-PERSONAL NAME [LOCAL, CANADA]
Římské číslice 19
910 ## - USER-OPTION DATA (OCLC)
User-option data ABA001
910 ## - USER-OPTION DATA (OCLC)
User-option data ABG001
910 ## - USER-OPTION DATA (OCLC)
User-option data BOA001
910 ## - USER-OPTION DATA (OCLC)
User-option data KLG001
910 ## - USER-OPTION DATA (OCLC)
User-option data LIA001
910 ## - USER-OPTION DATA (OCLC)
User-option data OLA001
910 ## - USER-OPTION DATA (OCLC)
User-option data OSA001
910 ## - USER-OPTION DATA (OCLC)
User-option data PNA001
942 ## - PŘIDANÉ VEDLEJŠÍ ZÁHLAVÍ (KOHA)
Source of classification or shelving scheme Dewey Decimal Classification
Koha item type Kniha
Suppress in OPAC No
Jednotky
Datum poslední evidence Přírůstkové číslo Total Checkouts Signatura Čárový kód Cena effektivně od Koha item type Stav ztráty Source of classification or shelving scheme Stav poškození Nelze vypůjčit Stav zrušení Home library Current library Umístění Datum zapsání
15.04.2026 1868   942/1868/LÁN 942/1868/LAN 15.04.2026 Kniha   Dewey Decimal Classification       Centrum dokumentárního filmu Centrum dokumentárního filmu Dokumentární kniha 942 15.04.2026